| 000 | 00558nam a22002177a 4500 | ||
|---|---|---|---|
| 003 | UA-OsUOA | ||
| 001 | 38843 | ||
| 007 | ta | ||
| 008 | 20080220b un ||||| |||| 00| 0 ukr d | ||
| 100 | _aHugel L.M. Capar W. | ||
| 090 | _a011 | ||
| 942 | _cBR | ||
| 040 |
_aUA-OsUOA _beng _cUA-OsUOA _dUA-OsUOA |
||
| 245 | _aTrident overprints. A Catalog-checklist of Ukraine Tridents | ||
| 300 | _a19 с. | ||
| 955 | _a1 | ||
| 041 | _aeng | ||
| 080 | _a011 | ||
| 650 | 7 |
_a01 Бібліографія і бібліографії. Каталоги _2UDC |
|
| 999 |
_c437319 _d437319 |
||